000 00249nam a2200097Ia 4500
001 861784
005 20250826175419.0
008 250824s9999 xx 000 0 und d
245 0 _aMAİ VE SİYAH
_cHALİD ZİYA UŞAKLIGİL
260 _bÖZGÜR YAYINLARI
999 _c861784
_d861784